| 000 | 00876cam a2200277 a 4500 | ||
|---|---|---|---|
| 001 | 14376990 | ||
| 005 | 20240208053532.0 | ||
| 008 | 060515s2007 enka b 001 0 eng | ||
| 020 | _a141291129X (hbk.) | ||
| 020 | _a9781412911290 | ||
| 020 | _a1412911303 (pbk.) | ||
| 020 | _a9781412911306 (pbk.) | ||
| 040 |
_aUKM _cUKM _dBAKER _dYDXCP _dBWKUK _dDLC |
||
| 082 | 0 | 4 |
_a306.85 _222 _bADR. |
| 100 | 1 | _aHolliday, Adrian. | |
| 245 | 1 | 0 |
_aDoing and writing qualitative research / _cAdrian Holliday. |
| 250 | _a2nd ed. | ||
| 260 |
_aLondon ; _aThousand Oaks : _bSAGE, _c2007. |
||
| 300 | _axiv, 199 p. : | ||
| 500 | _aPrevious ed.: 2001. | ||
| 650 | 0 | _aSocial sciences | |
| 650 | 0 | _aQualitative research. | |
| 856 | 4 | 2 | _uhttp://www.loc.gov/catdir/enhancements/fy0704/2006927474-d.html |
| 856 | 4 | 1 | _uhttp://www.loc.gov/catdir/enhancements/fy0704/2006927474-t.html |
| 942 | _cL | ||
| 999 |
_c345 _d345 |
||